Reconstrucción de la galera 'real', de Lepanto / por José Ma Martínez-Hidalgo
Publicado:
San Jorge, núm. 72 ( 4t trimestre 1968), pàg 10 - 19 :
MARC
| LEADER | 00000nam a2200000Ia 4500 | ||
|---|---|---|---|
| 001 | |||
| 008 | 160829s9999 xx 000 0 cat d | ||
| 100 | |a Martínez-Hidalgo, José María, |d 1913-2005 |9 22649 | ||
| 245 | |a Reconstrucción de la galera 'real', de Lepanto / por José Ma Martínez-Hidalgo | ||
| 260 | |a San Jorge, núm. 72 ( 4t trimestre 1968), pàg 10 - 19 | ||
| 590 | |a Conté 11 fotografies | ||
| 650 | |a Construcció naval |x Espanya |x S. XVI |9 40300 | ||
| 650 | |a Galeres |x Construcció |x Història |9 40301 | ||
| 650 | 0 | |a Lepant, Batalla de, 1571 |9 31773 | |
| 901 | |a Arxiu | ||
| 942 | |n 1 | ||
| 952 | |0 0 |1 0 |4 0 |7 1 |9 49556 |a Arxiu |b Arxiu |d 2016-12-01 |l 0 |r 2016-12-01 00:00:00 |w 2016-12-01 |y ARXIU | ||
| 999 | |c 53398 |d 53398 | ||